00351 2200145 4500001002100000005001500021035002000036245005000056100001700106300001200123260003600135082000800171084001400179990001200193INLIS00000000000170120250430100258 a0010-04250001171 aKawruh Basa Jawa Pepak /cSri Hartatik, S.Pd0 aSri Hartatik a128 hlm aSurabaya :bSinar Kemala,c2012 a418 a418 SRI k a0754639